00215nam a2200097Ia 4500008004100000100001700041245002200058260002000080260000900100300000800109170620s9999 xx 000 0 und d aSharma- Usha 0aSanskrit Shikshan bSwati Prakashan c2008 a264